オールスター出場経験のある現役選手(2026) - Statistics

General Stats
  • This quiz has been taken 45 times
  • The average score is 131 of 198
Answer Stats
現所属 出場歴 ポジション 選手名 % Correct
阪神 2021~23,25年 内野手 佐藤輝明
96%
阪神 2023,25年 投手 村上頌樹
96%
ロッテ 2024年 捕手 佐藤都志也
96%
阪神 2025年 捕手 坂本誠志郎
93%
DeNA 2018,23,24年 投手 東克樹
93%
巨人 2008~14,16~19,21年 内野手 坂本勇人
93%
オリックス 2015,18,19,21,22年 捕手 森友哉
93%
阪神 2012,14,15年 投手 西勇輝
89%
阪神 2017,19,21,23年 捕手 梅野隆太郎
89%
阪神 2019,21,22,24,25年 外野手 近本光司
89%
阪神 2021~24年 投手 岩崎優
89%
阪神 2021~25年 内野手 中野拓夢
89%
阪神 2022,23,25年 内野手 大山悠輔
89%
阪神 2023年 内野手 木浪聖也
89%
阪神 2024年 投手 才木浩人
89%
阪神 2025年 外野手 森下翔太
89%
DeNA 2022~25年 内野手 牧秀悟
89%
巨人 2007~09,11~13,23年 投手 田中将大
89%
巨人 2018,19,21,25年 捕手 甲斐拓也
89%
中日 2019年 内野手 高橋周平
89%
広島 2021,22年 投手 森下暢仁
89%
ヤクルト 2022年 投手 高橋奎二
89%
日本ハム 2023~25年 投手 田中正義
89%
西武 2019年 投手 高橋礼
89%
DeNA 2015~19,21,23年 投手 山﨑康晃
86%
巨人 2013~17,19,24年 外野手 丸佳浩
86%
巨人 2023年 捕手 大城卓三
86%
巨人 2024,25年 投手 山﨑伊織
86%
ヤクルト 2014~16,18,19,21,22年 捕手 中村悠平
86%
ソフトバンク 2018,23年 内野手 中村晃
86%
日本ハム 2023,24年 投手 山﨑福也
86%
オリックス 2023年 投手 山﨑颯一郎
86%
西武 2008,09,11,12,14,15,21,23年 内野手 中村剛也
86%
ロッテ 2018,21年 内野手 中村奨吾
86%
ロッテ 2024年 外野手 岡大海
86%
中日 2019,21年 投手 柳裕也
82%
広島 2014~19,21年 内野手 菊池涼介
82%
ヤクルト 2006,08年 投手 石川雅規
82%
ヤクルト 2014~16,18,19,21,22年 内野手 山田哲人
82%
ヤクルト 2024年 外野手 サンタナ
82%
ソフトバンク 2014~18,21~23年 外野手 柳田悠岐
82%
ソフトバンク 2018,19,21,22,24,25年 内野手 山川穂高
82%
ソフトバンク 2018,19,23,24年 外野手 近藤健介
82%
阪神 2022年 投手 伊藤将司
79%
巨人 2022~25年 投手 マルティネス
79%
巨人 2025年 内野手 泉口友汰
79%
広島 2018,19,24年 投手 大瀬良大地
79%
広島 2022,24,25年 捕手 坂倉将吾
79%
広島 2025年 内野手 矢野雅哉
79%
ソフトバンク 2023年 投手 オスナ
79%
ソフトバンク 2024年 捕手 山本祐大
79%
ソフトバンク 2024,25年 外野手 周東佑京
79%
日本ハム 2016,19,24年 投手 有原航平
79%
日本ハム 2022年 投手 伊藤大海
79%
日本ハム 2023,24年 捕手 マルティネス
79%
日本ハム 2023~25年 外野手 万波中正
79%
オリックス 2021,23年 外野手 杉本裕太郎
79%
楽天 2009,12,14,18,22年 投手 岸孝之
79%
楽天 2013,14年 捕手 伊藤光
79%
楽天 2013,14,16,17,19,24年 内野手 鈴木大地
79%
西武 2017~19,21,23,24年 内野手 源田壮亮
79%
ロッテ 2024年 投手 鈴木昭汰
79%
ロッテ 2025年 外野手 山本大斗
79%
阪神 2016,18年 投手 岩貞祐太
75%
阪神 2025年 投手 石井大智
75%
DeNA 2015~19年 内野手 筒香嘉智
75%
DeNA 2017,18,23,24年 内野手 宮﨑敏郎
75%
巨人 2014,16,17,21,22,24年 投手 則本昂大
75%
巨人 2017,18,22年 捕手 小林誠司
75%
巨人 2023年 外野手 松本剛
75%
巨人 2025年 投手 大勢
75%
中日 2024年 投手 松山晋也
75%
中日 2025年 外野手 岡林勇希
75%
広島 2015~19,23,24年 外野手 秋山翔吾
75%
ソフトバンク 2014~17,22年 内野手 今宮健太
75%
ソフトバンク 2024年 投手 松本裕樹
75%
日本ハム 2017,19年 外野手 西川遥輝
75%
日本ハム 2022,25年 内野手 清宮幸太郎
75%
オリックス 2022年 内野手 宗佑磨
75%
楽天 2013~19年,22年 内野手 浅村栄斗
75%
楽天 2025年 内野手 宗山塁
75%
西武 2021年 投手 松本航
75%
西武 2025年 外野手 西川愛也
75%
阪神 2023年 投手 大竹耕太郎
71%
巨人 2025年 内野手 吉川尚輝
71%
中日 2006,07,09,10,15,16年 投手 涌井秀章
71%
中日 2012~14,17,21年 外野手 大島洋平
71%
中日 2024年 投手 髙橋宏斗
71%
広島 2015,18,19年 捕手 會澤翼
71%
広島 2025年 外野手 ファビアン
71%
ソフトバンク 2022,25年 投手 モイネロ
71%
日本ハム 2015,18,19年 投手 宮西尚生
71%
オリックス 2023,25年 捕手 若月健矢
71%
西武 2019年 投手 髙橋光成
71%
西武 2021~23,25年 投手 平良海馬
71%
中日 2014,15,22年 投手 大野雄大
68%
中日 2023,24年 外野手 細川成也
68%
広島 2022,24年 内野手 小園海斗
68%
ヤクルト 2013,17年 投手 小川泰弘
68%
ソフトバンク 2018,21,23年 投手 上沢直之
68%
ソフトバンク 2021,23,24年 内野手 栗原陵矢
68%
ソフトバンク 2022年 内野手 牧原大成
68%
日本ハム 2024年 捕手 郡司裕也
68%
日本ハム 2024年 外野手 水谷瞬
68%
オリックス 2021,25年 投手 宮城大弥
68%
楽天 2010,12~15年 投手 前田健太
68%
楽天 2024年 外野手 辰己涼介
68%
西武 2016年 外野手 栗山巧
68%
西武 2018,23,24年 内野手 外崎修汰
68%
阪神 2018年 内野手 糸原健斗
64%
DeNA 2016,17年 捕手 戸柱恭孝
64%
DeNA 2021~23,25年 外野手 佐野恵太
64%
中日 2021,22年 捕手 木下拓哉
64%
広島 2019,22,24年 投手 床田寛樹
64%
ソフトバンク 2025年 内野手 野村勇
64%
日本ハム 2024年 捕手 田宮裕涼
64%
日本ハム 2025年 外野手 レイエス
64%
オリックス 2006,10~14年 投手 平野佳寿
64%
オリックス 2023,25年 捕手 頓宮裕真
64%
オリックス 2023,24年 内野手 紅林弘太郎
64%
オリックス 2024年 投手 マチャド
64%
楽天 2025年 内野手 村林一輝
64%
西武 2025年 投手 隅田知一郎
64%
ロッテ 2012,13,16,21,22年 投手 益田直也
64%
ロッテ 2023年 投手 種市篤暉
64%
阪神 2022年 投手 湯浅京己
61%
阪神 2024年 投手 桐敷拓馬
61%
阪神 2025年 投手 及川雅貴
61%
DeNA 2013~16年 投手 藤浪晋太郎
61%
巨人 2021~24年 投手 戸郷翔征
61%
広島 2021,22,24年 投手 栗林良吏
61%
ヤクルト 2022年 外野手 塩見泰隆
61%
ヤクルト 2022~24年 内野手 長岡秀樹
61%
ソフトバンク 2025年 投手 杉山一樹
61%
日本ハム 2023年 投手 加藤貴之
61%
ロッテ 2024年 外野手 ポランコ
61%
ロッテ 2025年 捕手 寺地隆成
61%
DeNA 2024年 外野手 度会隆輝
57%
中日 2025年 投手 清水達也
57%
広島 2025年 投手 島内颯太郎
57%
ヤクルト 2021,23年 投手 清水昇
57%
ソフトバンク 2022年 投手 東浜巨
57%
日本ハム 2015年 内野手 中島卓也
57%
日本ハム 2025年 投手 北山亘基
57%
オリックス 2023,25年 投手 九里亜蓮
57%
オリックス 2024年 内野手 太田椋
57%
楽天 2021~23年 内野手 小深田大翔
57%
西武 2011,15,16年 捕手 炭谷銀仁朗
57%
ロッテ 2012,15,16年 外野手 角中勝也
57%
ロッテ 2025年 外野手 藤原恭大
57%
中日 2025年 投手 松葉貴大
54%
広島 2016,18年 投手 中崎翔太
54%
広島 2025年 投手 森浦大輔
54%
楽天 2024年 投手 藤井聖
54%
ロッテ 2016,17年 捕手 田村龍弘
54%
DeNA 2022,25年 投手 伊勢大夢
50%
中日 2017,25年 外野手 上林誠知
50%
ヤクルト 2024,25年 投手 大西広樹
50%
日本ハム 2024年 内野手 上川畑大悟
50%
西武 2025年 外野手 渡部聖弥
50%
広島 2012~14年 内野手 堂林翔太
46%
ヤクルト 2013,18年 投手 石山泰稚
46%
ヤクルト 2019,21,22年 投手 青柳晃洋
46%
日本ハム 2025年 投手 達孝太
46%
オリックス 2017,19,21年 投手 山岡泰輔
46%
オリックス 2021,23年 投手 山下舜平大
46%
楽天 2025年 投手 西口直人
46%
ロッテ 2022年 外野手 髙部瑛斗
46%
DeNA 2019年 内野手 京田陽太
43%
DeNA 2024年 投手 森原康平
43%
巨人 2021年 投手 高梨雄平
43%
ロッテ 2013,16年 投手 西野勇士
43%
ロッテ 2022年 捕手 松川虎生
43%
DeNA 2016,21,22年 内野手 ビシエド
39%
中日 2025年 投手 藤嶋健人
39%
ヤクルト 2024年 投手 吉村貢司郎
39%
ソフトバンク 2022年 投手 大関友久
39%
日本ハム 2024年 投手 河野竜生
39%
オリックス 2023年 投手 ペルドモ
39%
西武 2025年 内野手 瀧澤夏央
39%
ロッテ 2011年 投手 唐川侑己
39%
ロッテ 2023年 内野手 安田尚憲
39%
ヤクルト 2019年 内野手 茂木栄五郎
36%
ソフトバンク 2024年 投手 大津亮介
36%
オリックス 2024年 投手 エスピノーザ
36%
ロッテ 2025年 投手 ジャクソン
36%
DeNA 2019年 外野手 神里和毅
32%
DeNA 2021年 投手 佐々木千隼
32%
ヤクルト 2017,23年 投手 田口麗斗
32%
オリックス 2013年 投手 岩嵜翔
32%
ロッテ 2025年 投手 中森俊介
32%
楽天 2021年 投手 宋家豪
29%
日本ハム 2014年 投手 福谷浩司
25%
西武 2025年 投手 甲斐野央
21%
ロッテ 2022年 投手 小野郁
21%
ソフトバンク 2021,23年 投手 津森宥紀
18%
楽天 2018年 投手 加治屋蓮
18%
西武 2017年 投手 黒木優太
18%
No matching quizzes found
Score Distribution
Percent of People with Each Score
Percentile by Number Answered
Your Score History
You have not taken this quiz